Statistiques concernant Les pays les plus urbains

Cliquez ici pour prendre le quiz!

Statistiques générales

  • Ce quiz a été pris 24 fois
  • Le résultat moyen est 27 sur 40

Statistiques - réponses

Taux d'urbanisationPays% Correct
100%Monaco
100%
98%Saint-Marin
100%
100%Vatican
100%
81%Corée du Sud
96%
100%Singapour
96%
92%Japon
92%
88%Andorre
88%
87%Emirats Arabes Unis
88%
92%Pays-Bas
88%
98%Belgique
83%
83%Etats-Unis
83%
99%Qatar
83%
93%Israël
79%
100%Koweït
79%
82%Canada
75%
88%Danemark
75%
92%Luxembourg
75%
84%Royaume-Uni
75%
90%Bahreïn
71%
95%Malte
71%
83%Norvège
71%
88%Suède
71%
87%Brésil
67%
86%Finlande
67%
94%Islande
67%
89%Liban
63%
84%Arabie saoudite
58%
88%Chili
58%
92%Argentine
54%
86%Australie
54%
81%Colombie
54%
100%Nauru
54%
87%Nouvelle-Zélande
54%
86%Oman
54%
91%Jordanie
50%
88%Venezuela
50%
96%Uruguay
42%
83%Bahamas
29%
83%République dominicaine
8%
90%Gabon
4%

Distribution des résultats

Percentile par nombre de réponses

% des personnes avec chaque résultat

Votre développement - résultats

Vous n’avez pas pris ce quiz